Представление документа в формате RUSMARC

ПолеНазваниеЗначение
  Тип записи a
  Библиографический уровень a
001 Контрольный номер RU/CBS_UL/BASE/589993422
005 Дата корректировки 20240209175229.0
100 Данные общей обработки __
a Данные общей обработки 20180911d2018 ||| 0rusy0189 ca
101 Язык документа 0_
a Язык текста rus
102 Страна публикации __
a Страна публикации RU
105 Кодированные данные (монография) __
a Кодированные данные (монография) y###||||000|y
200 Заглавие и сведения об ответственности 1_
a Заглавие Энциклопедия физической культуры ребенка. Физическое воспитание
b Общее обозначение материала Текст
e Сведения, относящиеся к заглавию [одна из ключевых составляющих образовательного процесса – физическое воспитание, результат которого – формирование физической культуры личности ребенка; описываются средства, методы и формы физического воспитания детей дошкольного возраста. Начало см. в №4 (2018 г.)]
f Первые сведения об ответственности А. Щербак
300 Общие примечания __
a Общие примечания Ограничения по возрасту - 0+
320 Библиография __
a Библиография Библиогр.: с. 36
461 Уровень набора _0
1 2000
a Дошкольное воспитание
463 Уровень физической единицы _0
1 001RU/CBS_UL/BASE/589906743
1 2000
a № 5
v С. 31-36
1 210
d 2018
606 Тематические рубрики 0_
a Основная рубрика Дошкольники - Физическое воспитание
610 Ключевые слова 0_
a Ключевые слова дошкольники
a Ключевые слова развитие физическое
a Ключевые слова воспитание физическое
a Ключевые слова физкультура
686 Индексы других классификаций __
a Классификационный индекс 74.100.5
2 Код системы ББК
700 Автор _1
a Фамилия Щербак
b Имя (инициалы) А.
801 Источник записи _0
a Страна RU
b Организация МБУК ЦБС г. Ульяновска
c Дата составления 20180911
g Правила каталогизации RCR
801 Источник записи _1
a Страна RU
b Организация МБУК ЦБС г. Ульяновска
c Дата составления 20180911
g Правила каталогизации RCR
901 Тип документа __
t Тип документа b
w Контрольный № источника RU/CBS_UL/BASE/589906743
910 Корректоры записи __
a Корректор записи Библиотека 18
938 Служебная информация __
a Имя БД period